Lower Limb - 1 - Statistics

General Stats
  • This quiz has been taken 23 times
  • The average score is 5 of 15
Answer Stats
Hint Answer % Correct
There are three constituent bones making up the hip bone, pubis, ischium and which other? Ilium
88%
What is the name of the fossa in the hip bone that the head of the femur articulates with? Acetabulum
63%
The upper limb is connected to the body by the pectoral girdle, what is the name given to the equivalent in the lower limb? Pelvic girdle
56%
The internal surface of the wing of the ilium, reffered to as the iliac fossa is the origin of what muscle? Iliacus
50%
When we sit down what is the name for the part of bone that we sit on? Ischial tuberosity
31%
What is the name given to the connection between the two hip bones? Pubic symphysis
31%
What is the name given to the depression in the head of the femur, where the ligamentum teres is attatched? Fovea
25%
What is the name given to the projection of bone that seperates the greater and lesser sciatic foramen? Ischial spine
25%
What type of joint are the sacroiliacs? Synovial
25%
Which vein is described? It arises from the dorsal venous arch of the foot passes anterior to the medial malleolus of the ankle and continues up the medial aspect of the lower limb to drain into the femoral vein. Great Saphenous
19%
What is the name of the ridge of bone that runs down the back of the femur? Linea aspera
19%
What is the name given to the area bound by the ischium and superior and inferior pubic rami? Obturator foramen
19%
What is the name given to the line that seperates the neck and the shaft of the femur? Trochanteric
19%
What type of cartilage does the bottom of the patella consist of? Articular
13%
What angle does the neck form with the shaft of the femur, it is reffered to as the angle of inclination? 125
6%
No matching quizzes found
Score Distribution
Percent of People with Each Score
Percentile by Number Answered
Your Score History
You have not taken this quiz